000 00325 a2200145 4500
001 152756
040 _cEscola São Tomás de Aquino
100 _aSARARY, Flávia
240 1 0 _aVinte cantos de sereia
_lpor
245 1 0 _aVinte cantos de sereia
362 0 _a2012
440 1 _aDimensão
697 _aPoesia
942 _cBK
999 _c152756
_d152756